01434cam a2200253 i 450000100090000000300050000900500170001400800410003101000170007202000440008902000380013304000280017104200080019905000220020708200100022910000300023924500820026926000420035130000470039350000510044050505990049165000420109065000480113218072360PILC20160309171316.0140319s2015 nyua b 001 0 eng  a 2014011125 a9780199975099 ((hardback) : alk. paper) a9780190218188 (pbk. : alk. paper) aDLCbengcDLCerdadDLC apcc00aK 3607b.C64 201500a362.11 aCohen, I. Glenn,eauthor.10aPatients with passports :bmedical tourism, law and ethics /cI. Glenn Cohen. aNY :bOxford University Press,c2014. axxvi, 498 pages :billustrations ;c25 cm. aIncludes bibliographical references and index.0 aAn introduction to the medical tourism industry -- Quality and information -- Legal liability -- Medical tourism through private health insurance -- Medical tourism through public health insurance : the EU model and beyond -- Medical tourism's effects on the destination country : an empirical and ethical examination -- Transplant tourism -- Medical tourism and ending life : travel for assisted suicide and abortion -- Medical tourism and the creation of life : a study of fertility tourism -- Medical tourism for experimental therapies : an in-depth exploration of stem cell therapy tourism. 0aMedical tourismxLaw and legislation. 0aMedical tourismxMoral and ethical aspects.